000 00562nam a22001337a 4500
005 20250807120644.0
008 250807b |||||||| |||| 00| 0 eng d
050 _aTHE SB 324.55 .K4 M328 2021
_bC.1
100 _aMbunde, Joseph
245 _aSmallholder farmers' postharvest handling technologies awareness level influence on tomato quality in Kisii and Nyamira Counties, Kenya
260 _aKisii
_bKisii University
_c2021
650 _a1. Postharvest technology - Kenya. 2. Tomatoes - Kenya - Quality. 3. Tomato -Postharvest loses - Kenya.
942 _2lcc
_cREF
999 _c215999
_d215999